[Event "Novi Sad"]
[Site "Novi Sad"]
[Date "1981.??.??"]
[Round "11"]
[White "Petrovic, Vojislav"]
[Black "Kirov, Nino"]
[Result "0-1"]
[WhiteElo "2355"]
[BlackElo "2475"]

1.e4 c5 2.Nf3 Nc6 3.Bb5 e6 4.Bxc6 bxc6 5.O-O Ne7 6.e5 Ng6 7.Nc3 f6 8.h4 fxe5
9.h5 Nf4 10.Nxe5 d6 11.Nc4 Nxg2 12.Qf3 Nh4 13.Qxc6+ Bd7 14.Nxd6+ Bxd6 15.Qxd6 Qg5+
16.Qg3 Qxh5 17.Ne4 O-O 18.d3 h6 19.f4 Bc6 20.Qh3 Rf5 21.Rf2 Raf8 22.Be3 c4
23.Kh2 cxd3 24.cxd3 e5 25.Bc5 R8f7 26.Ng3 Nf3+ 27.Rxf3 Qxf3 28.Rf1 Qd5 29.Nxf5 Rxf5  0-1

[Event "US op"]
[Site "Palo Alto"]
[Date "1981.??.??"]
[Round "10"]
[White "Biyiasas, Peter"]
[Black "Shapiro, Daniel E"]
[Result "1-0"]
[WhiteElo "2527"]
[BlackElo "2319"]

1.e4 c5 2.Nf3 Nc6 3.Bb5 e6 4.O-O Nge7 5.b3 d5 6.exd5 Nxd5 7.Bb2 f6 8.d4 Be7
9.c4 Nc7 10.Bxc6+ bxc6 11.Ba3 cxd4 12.Bxe7 Kxe7 13.Nxd4 Qd6 14.Qg4 g6 15.Qe4 Bd7
16.Nc3 c5 17.Nde2 Qc6 18.Qe3 Rad8 19.Rad1 Ne8 20.Rd5 Nd6 21.Ng3 Nb7 22.Rfd1 Kf7
23.R5d2 f5 24.Nb5 a6 25.Nd6+ Nxd6 26.Rxd6 Qc7 27.Qd2 Ke7 28.b4 cxb4 29.Qxb4 Kf7
30.Qd2 Ke7 31.Qd4 Rhg8 32.Qh4+ Kf7 33.Qxh7+ Rg7 34.Qh4 Rgg8 35.c5  1-0

[Event "Bohemians"]
[Site "Prague"]
[Date "1981.??.??"]
[Round "?"]
[White "Ambroz, Jan"]
[Black "Gruenberg, Hans Ulrich"]
[Result "1/2-1/2"]
[WhiteElo "2490"]
[BlackElo "2435"]

1.e4 c5 2.Nf3 Nc6 3.Bb5 d6 4.d4 cxd4 5.Qxd4 Bg4 6.Nbd2 Bd7 7.Bxc6 Bxc6 8.O-O e5
9.Qd3 Nf6 10.c4 Be7 11.Ne1 Nd7 12.b4 O-O 13.Nc2 a5 14.b5 Nc5 15.Qe2 Bd7 16.Ne3 Bg5  1/2-1/2

[Event "Riga"]
[Site "Riga"]
[Date "1981.??.??"]
[Round "10"]
[White "Mortensen, Erling"]
[Black "Ermenkov, Evgenij"]
[Result "0-1"]
[WhiteElo "2395"]
[BlackElo "2490"]

1.e4 c5 2.Nf3 Nc6 3.Bb5 Nf6 4.Nc3 g6 5.O-O Bg7 6.e5 Ng4 7.Bxc6 dxc6 8.Re1 O-O
9.d3 Nh6 10.Bf4 Nf5 11.Qd2 b6 12.Ne4 Nd4 13.Nxd4 cxd4 14.Bh6 c5 15.Ng3 Bb7
16.Bxg7 Kxg7 17.f4 f5 18.exf6+ exf6 19.f5 Qd7 20.h4 Rae8 21.fxg6 hxg6 22.h5 Qg4
23.Qf2 Qg5 24.Rxe8 Rxe8 25.hxg6 Kxg6 26.Ne2 Re3 27.Nf4+ Kf7 28.Kh2 Bf3 29.Nh3 Qe5+
30.Kh1 Qh5 31.Kg1 Bxg2 32.Qxg2 Qxh3 33.Qxh3 Rxh3 34.a4 Ke6 35.a5 Kd5 36.axb6 axb6
37.Ra6 Kc6 38.Ra8 Re3 39.Kf2 Kb5 40.Rf8 Re6 41.Rd8 Kb4 42.Rc8 Re5 43.Rc6 Rf5+
44.Ke2 b5 45.Rd6 Rf4 46.Rc6 c4 47.dxc4 bxc4 48.Rc8 Rh4 49.c3+ Kb3 50.Rb8+ Kc2
51.cxd4 Rxd4 52.Ke3 Rd3+ 53.Ke4 f5+ 54.Ke5 Rb3 55.Rc8 Kd3 56.Rd8+ Ke3 57.Rc8 Rb5+
58.Kf6 f4 59.Rxc4 f3 60.Rc3+ Kf4  0-1

[Event "Rostock"]
[Site "Rostock"]
[Date "1981.??.??"]
[Round "2"]
[White "Pietrusiak, Bogdan"]
[Black "Jakat, Thomas"]
[Result "1/2-1/2"]
[WhiteElo "2245"]
[BlackElo "2240"]

1.e4 c5 2.Nf3 Nc6 3.Bb5 d6 4.O-O Bd7 5.Re1 Nf6 6.c3 a6 7.Bf1 Bg4 8.h3 Bh5
9.d3 e5 10.Nbd2 Be7 11.Nc4 O-O 12.Ne3 Bg6 13.Nh4 d5 14.Nxg6 hxg6 15.Qf3 d4
16.Nd5 Qd6 17.Bd2 Rfd8 18.c4 b5 19.Rac1 Rdb8 20.b3 Bd8 21.Rc2 Ba5 22.Bxa5 Nxa5
23.g4 bxc4 24.dxc4 Nc6 25.Bd3 a5 26.Qe2 Nh7 27.Rb2 Rb7 28.Qd2 f6 29.Kg2 Ng5
30.Rh1 Kf7 31.h4 Ne6 32.h5 gxh5 33.Rxh5 Nb4 34.Kf1 Rbb8 35.f3 Nxd5 36.exd5 Nf4
37.Rh2 Rh8 38.Be4 g6 39.Qf2 d3 40.Qe3 Ne2 41.Bxg6+ Kg7 42.Bxd3 Rxh2 43.Rxe2 Rh1+
44.Kf2 Rah8 45.Qe4 R8h2+ 46.Ke3 Rxe2+ 47.Kxe2 Rh2+ 48.Ke3 Kf8 49.Qf5 Ke7
50.Qc8 e4 51.Bxe4 Rxa2 52.Qb7+ Qd7 53.Qb6 Qd6 54.Qb7+ Qd7 55.Qb6 Qd6 56.Qa7+ Kd8
57.Qa8+ Ke7  1/2-1/2

[Event "Rostock"]
[Site "Rostock"]
[Date "1981.??.??"]
[Round "9"]
[White "Bernard, Ryszard"]
[Black "Jakat, Thomas"]
[Result "1/2-1/2"]
[WhiteElo "2325"]
[BlackElo "2240"]

1.e4 c5 2.Nf3 Nc6 3.Bb5 d6 4.O-O Nf6 5.Re1 Bd7 6.c3 a6 7.Ba4 c4 8.d4 cxd3
9.Qxd3 b5 10.Bb3 Qc7 11.Bf4 Ne5 12.Nxe5 dxe5 13.Be3 e6 14.f3 Be7 15.Nd2 O-O
16.Red1 Rfd8 17.Qe2 Bc6 18.Nf1 Nd7 19.Bc2 Bc5 20.Bxc5 Nxc5 21.Rxd8+ Rxd8
22.Rd1 Kf8 23.Rxd8+ Qxd8 24.Qd2 Qxd2 25.Nxd2 a5 26.Kf2 Ke7 27.Ke3 Kd6 28.b4 axb4
29.cxb4 Nd7 30.Bd3 Nb6 31.Nb1 Na4 32.Kd2 Nb2 33.Be2 Kc7 34.Nc3 Kb6 35.Kc2 Na4
36.Nxa4+ bxa4 37.Kb2 f5 38.Bd3 f4 39.Bc4 Bd7 40.h4 g6 41.Kc3 Kc6 42.a3 Kb6
43.Kd3 Kc6 44.Ke2 Kd6 45.Kf2 h6 46.Kg1 Be8 47.Kh2 Bd7 48.g3 fxg3+ 49.Kxg3 Be8
50.Kf2 Bd7 51.Ke3 Be8 52.Ba6 Bd7 53.Kd3 Kc6 54.Ke3 Kd6 55.Be2 Be8 56.Kd3 Kc6
57.Bd1 Kc7 58.Ke3 Kd6 59.Be2 Bd7 60.Bc4 Be8 61.f4 exf4+ 62.Kxf4 e5+ 63.Ke3 Kc6
64.Bd5+ Kb6 65.Kd3 Bb5+ 66.Bc4 g5 67.Bxb5 Kxb5 68.hxg5 hxg5 69.Kc3  1/2-1/2

[Event "BUL-ch"]
[Site "Sofia"]
[Date "1981.??.??"]
[Round "11"]
[White "Georgiev, Krum"]
[Black "Gochev, Mladen"]
[Result "0-1"]
[WhiteElo "2485"]
[BlackElo "2250"]

1.e4 c5 2.Nf3 Nc6 3.Bb5 Nf6 4.Qe2 g6 5.c3 Bg7 6.O-O O-O 7.h3 Qb6 8.Na3 d5
9.d3 a6 10.Ba4 Qc7 11.Bb3 dxe4 12.dxe4 Na5 13.Bc2 e5 14.Be3 c4 15.b4 cxb3
16.axb3 Qxc3 17.Rfb1 Be6 18.Ng5 Bd7 19.b4 Nc6 20.Bb3 Nd4 21.Bxd4 Qxd4 22.Qa2 Be8
23.Nc2 Qd8 24.Ne3 h6 25.Nf3 Qe7 26.Re1 Bc6 27.Nc4 Nxe4 28.Qc2 Qxb4 29.Ncxe5 Qc3
30.Rac1 Bxe5 31.Qa2 Qb2  0-1

[Event "BUL-ch"]
[Site "Sofia"]
[Date "1981.??.??"]
[Round "11"]
[White "Grigorov, Jordan N"]
[Black "Donchev, Dimitar I"]
[Result "1/2-1/2"]
[WhiteElo "2405"]
[BlackElo "2425"]

1.e4 c5 2.Nf3 Nc6 3.Bb5 Nf6 4.Nc3 g6 5.h3 a6 6.Bxc6 dxc6 7.e5 Nd5 8.Ne4 b6
9.O-O Bg7 10.d3 O-O 11.Re1 h6 12.b3 a5 13.a4 Kh7 14.Bb2 Nf4 15.Qd2 Ne6 16.Qe3 Ba6
17.Rad1 Qc7 18.Ng3 Rac8 19.h4 f5 20.Ne2 f4 21.Qe4 Rf5 22.h5 Rxh5 23.Nxf4 Nxf4
24.Qxf4 Rf8 25.Qg3 Bc8 26.Re4 Be6 27.c4 Qc8 28.Rh4 Rff5 29.Re1 Qe8 30.Bc1 Rxh4
31.Nxh4 Rf8 32.f4 h5 33.Qe3 Bg4 34.Qe4 e6 35.g3 Bh6 36.Kg2 Bf5 37.Nxf5 gxf5
38.Qf3 Rg8 39.Rh1 Rg4 40.Kf2 Bf8 41.Be3 Be7 42.Ke2 Kh6 43.Bf2 Rg8 44.Rd1 h4
45.Kd2 Rg4 46.Rh1 Kh7 47.gxh4 Bf8 48.h5 Rxf4 49.Qe2 Rg4 50.Be3 Bg7 51.Kc2 Qb8
52.Bd2 Bh6 53.Bxh6 Kxh6 54.Qe3+ Kh7 55.Rh2 Qc7 56.Re2 Qd7 57.Kd2 Qd4 58.Kc2 Rg1
59.Qxd4 cxd4 60.b4 c5 61.b5 Kh6 62.Rh2 Rg5 63.Kd2 Rxh5 64.Rg2 Rg5 65.Rh2+ Kg7
66.Ke2 Rg1 67.Kf3 Rf1+ 68.Kg3 Rd1 69.Kf4 Rxd3 70.Rg2+ Kf7 71.Rh2 Re3 72.Rh7+ Kg6
73.Rb7 Re4+ 74.Kf3 d3 75.Rxb6 Rxc4 76.Rxe6+ Kg5 77.Rd6 Rf4+ 78.Ke3 c4 79.e6 Rf1
80.e7 Re1+ 81.Kd4 Re4+ 82.Kc3 f4 83.b6  1/2-1/2

[Event "BUL-ch"]
[Site "Sofia"]
[Date "1981.??.??"]
[Round "17"]
[White "Georgiev, Krum"]
[Black "Lukov, Valentin"]
[Result "1/2-1/2"]
[WhiteElo "2485"]
[BlackElo "2395"]

1.e4 c5 2.Nf3 Nc6 3.Bb5 e6 4.O-O Nge7 5.c3 a6 6.Bxc6 Nxc6 7.d4 d5 8.Qe2 Be7
9.Rd1 cxd4 10.exd5 Qxd5 11.cxd4 O-O 12.Nc3 Qh5 13.Bf4  1/2-1/2

[Event "Telechess ol2 8182"]
[Site "telex"]
[Date "1981.??.??"]
[Round "?"]
[White "Dueball, Juergen"]
[Black "Binham, Timothy F"]
[Result "1-0"]
[WhiteElo "2445"]
[BlackElo "2375"]

1.e4 c5 2.Nf3 Nc6 3.Bb5 g6 4.O-O Bg7 5.Re1 Nf6 6.Nc3 O-O 7.e5 Ne8 8.d3 Nc7
9.Bxc6 dxc6 10.Ne4 b6 11.h3 Ne6 12.Qe2 Nd4 13.Nxd4 cxd4 14.Bf4 Qd5 15.Nd2 c5
16.Qe4 Bb7 17.Qxd5 Bxd5 18.a4 Rac8 19.b3 Rc6 20.f3 Rd8 21.Nc4 Re6 22.Kf2 Kf8
23.h4 h6 24.Re2 a6 25.Ree1 Ke8 26.Re2 Rb8 27.Ree1 Kd8 28.Re2 Kc7 29.a5 b5
30.Nb6 Bc6 31.b4 cxb4 32.Rb1 Rd8 33.Rxb4 Bb7 34.Ke1 Kc6 35.Kd2 Kc5 36.c3 dxc3+
37.Kxc3 Rxd3+ 38.Kxd3 Kxb4 39.Bd2+ Kc5 40.Be3+ Kb4 41.Bd2+ Kc5 42.Re1 b4
43.f4 Kb5 44.Rb1 Bxg2 45.Rxb4+ Kc6 46.Nc4 Bf1+ 47.Kd4 Bxc4 48.Rxc4+ Kd7 49.Kd5 g5
50.h5 gxf4 51.Bxf4 Bf8 52.Rb4 Rc6 53.Rb7+ Rc7 54.Rxc7+ Kxc7 55.e6+ Kd8 56.exf7 e5
57.Bxe5 Ke7 58.Bd6+ Kxf7 59.Bxf8 Kxf8 60.Kc6  1-0

[Event "Trencianske Teplice"]
[Site "Trencianske Teplice"]
[Date "1981.??.??"]
[Round "6"]
[White "Petrik, Karol"]
[Black "Petran, Peter"]
[Result "1/2-1/2"]
[WhiteElo "2210"]
[BlackElo "2300"]

1.e4 c5 2.Nf3 Nc6 3.Bb5 g6 4.O-O Bg7 5.Re1 e5 6.c3 Nge7 7.Na3 O-O 8.h3 d5
9.d3 a6 10.Bxc6 Nxc6 11.exd5 Qxd5 12.Nc4 Rb8 13.Nb6 Qd6 14.Nxc8 Rbxc8 15.Be3 Rfd8
16.Qa4 Ne7 17.Rad1 h6 18.Bc1 b5 19.Qc2 f5 20.a4 Kh7 21.axb5 axb5 22.Qb3 Rc7
23.Bg5 Rb8 24.Bc1 Rd7 25.Rd2 Nc6 26.h4 Qd5 27.Qd1 Rbd8 28.Qc2 Qf7 29.Qd1 c4
30.dxc4 bxc4 31.Qa4 Qf6 32.Rxd7 Rxd7 33.Qxc4 e4 34.Nh2 Ne5 35.Qb5 Qxh4 36.Be3 Qd8
37.Nf1 Nd3 38.Ra1 Qe7 39.Ra8 Qf7 40.g3 Rb7 41.Qa6 Nxb2 42.Bd4 Nc4 43.Rd8 Ne5
44.Kg2 Ng4 45.Qa8 Bxd4 46.cxd4 Ra7 47.Qc8 Rc7 48.Rh8+ Kg7 49.Rg8+ Qxg8 50.Qxc7+ Qf7
51.Qc6 g5 52.Ne3 Nxe3+ 53.fxe3 Qh5 54.Qd7+ Qf7 55.Qc6 Qf6 56.Qd7+ Kg6 57.Qe8+ Qf7
58.Qc6+ Kh5 59.Qa6 f4 60.exf4 gxf4 61.Qc8 Kg5 62.Qc5+ Kg6 63.Qc6+ Kf5 64.Qc5+ Kg4
65.Qc8+ Qf5 66.Qg8+ Qg5 67.Qe6+ Qf5 68.Qxh6 f3+ 69.Kf2 e3+ 70.Qxe3 Qc2+ 71.Ke1 Qb1+
72.Kf2 Qc2+ 73.Ke1 Kxg3 74.Qg5+ Kh3 75.Qh5+ Kg3 76.Qg5+  1/2-1/2

[Event "Tuzla"]
[Site "Tuzla"]
[Date "1981.??.??"]
[Round "10"]
[White "Milovanovic, Ninoslav"]
[Black "Robatsch, Karl"]
[Result "1/2-1/2"]
[WhiteElo "2240"]
[BlackElo "2425"]

1.e4 c5 2.Nf3 Nc6 3.Bb5 g6 4.O-O Bg7 5.Re1 e5 6.Bxc6 dxc6 7.d3 Qc7 8.Be3 b6
9.a4 a5 10.c3 Bg4 11.Nbd2 Nf6 12.d4 cxd4 13.cxd4 exd4 14.Bxd4 O-O 15.Qb3 Bxf3
16.Nxf3 Nd7 17.e5 Rae8 18.e6 Nc5 19.Bxc5 bxc5 20.Ng5 fxe6 21.Rxe6 Rxe6 22.Qxe6+ Kh8
23.Rd1 Qf4 24.Nf3 Bxb2 25.Qxc6 c4 26.h3 Bg7 27.Re1 Qf7 28.Qc5 c3 29.Qxa5 Qc4
30.Qb5 Qxb5 31.axb5 Bh6 32.Re2 Rc8 33.Nd4 Bd2 34.Nc2 Rc5 35.b6 Rb5 36.Re8+ Kg7
37.Re7+ Kf6 38.Rxh7 Rxb6 39.Kf1 Rb2 40.Nd4 c2 41.Nxc2 Rxc2 42.Rd7 Bb4 43.Rd3 Rc1+
44.Ke2 Re1+ 45.Kf3 Re5 46.g3 Be1 47.Kg2 Rf5 48.Rf3 Rxf3 49.Kxf3 Kg5 50.Kg2 Kf5
51.f4 Ke4 52.h4  1/2-1/2

[Event "URS-FL49"]
[Site "Volgodonsk"]
[Date "1981.??.??"]
[Round "13"]
[White "Kharitonov, Andrei Y"]
[Black "Gulko, Boris F"]
[Result "1/2-1/2"]
[WhiteElo "2460"]
[BlackElo "2565"]

1.Nf3 c5 2.e4 Nc6 3.Bb5 e6 4.O-O Nge7 5.Nc3 Nd4 6.Nxd4 cxd4 7.Ne2 a6 8.Ba4 b5
9.Bb3 Nc6 10.d3 Be7 11.Ng3 O-O 12.Qg4 Kh8 13.f4 d6 14.f5 Ne5 15.Qe2 a5 16.a4 bxa4
17.Bxa4 Bd7 18.Nh5 exf5 19.exf5 Rc8 20.Bb3 Rc5 21.Qf2 Bf6 22.Bf4 Bxf5 23.Nxf6 Qxf6
24.Bg3 Ng4 25.Qf4 Rd8 26.h3 Ne3 27.Bh4 Qg6 28.Rf2 Rdc8 29.c3 Bxh3 30.Bxf7 Nxg2
31.Qxd4 Qh6 32.Be7 Ne3 33.Qh4 Qxh4 34.Bxh4 Nf5 35.Bg5 Nh6 36.Bxh6 gxh6 37.Ra4 Rf8
38.Raf4 h5 39.Kh2 Bg4 40.Kg3 Re5 41.Kh4 Kg7 42.d4 Re2 43.Rxg4+ hxg4  1/2-1/2

[Event "DDR-POL-CSR U26"]
[Site "Zinnowitz"]
[Date "1981.??.??"]
[Round "?"]
[White "Sikora Gizynska, Bozena"]
[Black "Wagner Michel, Annett"]
[Result "1-0"]
[WhiteElo "2035"]
[BlackElo "2120"]

1.e4 c5 2.Nf3 Nc6 3.Bb5 Nd4 4.Nxd4 cxd4 5.O-O g6 6.d3 Bg7 7.Bc4 d6 8.f4 Qc7
9.Nd2 Nf6 10.Nf3 O-O 11.Qe1 e6 12.Bb3 a5 13.a4 Qc5 14.h3 b6 15.Kh1 Ba6 16.Bd2 Rfe8
17.Qf2 Rab8 18.Nh4 Nd7 19.f5 Ne5 20.Qg3 Bc8 21.fxg6 hxg6 22.Nf3 Nxf3 23.Rxf3 Rb7
24.Raf1 Rd7 25.Bc4 Bb7 26.Qf2 Qc7 27.Bb5 Bc6 28.Bxc6 Qxc6 29.Rxf7 Red8 30.Bg5 Rc8
31.Qf4 Qc7 32.Rxd7 Qxd7 33.Qg4 Rxc2 34.Bh4 Qe8 35.Bg3 Rc6 36.Qg5 e5 37.Qg4 Rc7
38.Qf3 Rf7 39.Qxf7+ Qxf7 40.Rxf7 Kxf7 41.Bh4 Ke6 42.Bd8 d5 43.Kg1 dxe4 44.dxe4 Kd6
45.Bxb6 Bh6 46.Kf2 Kc6 47.Bxa5 Kc5 48.b3 d3 49.Bc3 Bf4 50.Kf3 Bc1 51.g3 Bh6
52.h4 Bc1 53.g4 Bf4 54.h5 gxh5 55.gxh5 Bg5 56.Kf2 Bf4 57.Ke1 Bg5 58.Kd1 Bf4
59.Bd2 Kd4 60.Bxf4 exf4 61.h6  1-0

[Event "Amsterdam"]
[Site "Amsterdam"]
[Date "1982.??.??"]
[Round "9"]
[White "King, Daniel J"]
[Black "Van der Wiel, John TH"]
[Result "1/2-1/2"]
[WhiteElo "2430"]
[BlackElo "2520"]

1.e4 c5 2.Nf3 Nc6 3.Bb5 e6 4.O-O Nge7 5.c3 a6 6.Bxc6 Nxc6 7.d4 d5 8.e5 Bd7
9.dxc5 Bxc5 10.Nbd2 g5 11.Nb3 Be7 12.Re1 h5 13.Nfd4 Qc7 14.Qe2 Na7 15.Bd2 Nc8
16.Nc1 Nb6 17.Nd3 O-O-O 18.b3 Kb8 19.a4 Rc8 20.a5 Na8 21.Rec1 Qd8 22.c4 Nc7
23.Be3 Qg8 24.Nc2 Qg6 25.Nc5 Rhd8 26.Nb4 Be8 27.cxd5 exd5  1/2-1/2

[Event "Beersheba"]
[Site "Beersheba"]
[Date "1982.??.??"]
[Round "10"]
[White "Ciocaltea, Victor"]
[Black "Birnboim, Nathan"]
[Result "1-0"]
[WhiteElo "2460"]
[BlackElo "2460"]

1.e4 c5 2.Nf3 Nc6 3.Bb5 g6 4.O-O Bg7 5.c3 Nf6 6.Re1 O-O 7.h3 e5 8.d3 Re8
9.Nbd2 Qc7 10.a3 b6 11.b4 Bb7 12.bxc5 bxc5 13.Nb3 Nd8 14.c4 Rf8 15.Bd2 d6
16.Na5 Bc8 17.Rb1 Nh5 18.Qa4 Ne6 19.Bc6 Rb8 20.Rxb8 Qxb8 21.Bd5 Nef4 22.Nc6 Qc7
23.Qxa7 Nxd5 24.exd5 Qxa7 25.Nxa7 Bd7 26.Nb5 Bxb5 27.cxb5 Nf6 28.a4 Nxd5
29.a5 Rb8 30.Rb1 Bf6 31.b6 Rb7 32.Ng5 Kf8 33.Nxh7+ Ke7 34.Nxf6 Kxf6 35.h4 Ke6
36.g4 f5 37.f3 f4 38.Kf2 Kd7 39.a6 Rxb6 40.Rxb6 Nxb6 41.a7  1-0

[Event "Elekes mem-B"]
[Site "Budapest"]
[Date "1982.??.??"]
[Round "?"]
[White "Horvath, Gyula"]
[Black "Riha, Vaclav"]
[Result "1-0"]
[WhiteElo "2385"]
[BlackElo "2285"]

1.e4 c5 2.Nf3 Nc6 3.Bb5 e6 4.O-O Nge7 5.Re1 a6 6.Bxc6 Nxc6 7.d4 cxd4 8.Nxd4 Be7
9.Nxc6 dxc6 10.Qg4 O-O 11.e5 f5 12.exf6 Bxf6 13.Nd2 Qa5 14.Nf3 Qf5 15.Qc4 c5
16.c3 b5 17.Qe4 Bd7 18.Qxf5 exf5 19.Bg5 Bxg5 20.Nxg5 Rfe8 21.Rad1 h6 22.Nf3 Bc6
23.Ne5 Be4 24.Nd7 Bc2 25.Rc1 c4 26.f3 Rxe1+ 27.Rxe1 Rd8 28.Nc5 a5 29.Kf2 b4
30.Re7 bxc3 31.bxc3 Rd5 32.Ne6 Rd2+ 33.Kg1 Rd1+ 34.Kf2 Rd2+ 35.Ke3 Rxg2 36.h4 Bd1
37.Kf4 h5 38.a3 a4 39.Rc7 Be2 40.Ng5 Kf8 41.Kxf5 Bd3+ 42.Kf4 g6 43.Ne6+ Ke8
44.Ke5 Bf5 45.Nd4 Bd7 46.Kd6 Bf5 47.Rxc4 Bd3 48.Rxa4 g5 49.Ne6  1-0

[Event "Elekes mem-B"]
[Site "Budapest"]
[Date "1982.??.??"]
[Round "?"]
[White "Horvath, Gyula"]
[Black "Paoli, Enrico"]
[Result "1-0"]
[WhiteElo "2385"]
[BlackElo "2220"]

1.e4 c5 2.Nf3 Nc6 3.Bb5 e6 4.O-O Nge7 5.Nc3 a6 6.Bxc6 Nxc6 7.d4 cxd4 8.Nxd4 Be7
9.Nxc6 dxc6 10.Qxd8+ Bxd8 11.e5 Bc7 12.f4 b6 13.Be3 Bb7 14.b4 a5 15.a3 axb4
16.axb4 Ke7 17.Ra4 g5 18.Rxa8 Rxa8 19.Ne4 Ra2 20.Rd1 Rxc2 21.Nf6 Bc8 22.Nxh7 Re2
23.Bf2 Re4 24.Rd4 Rxd4 25.Bxd4 gxf4 26.h4 f5 27.Ng5 Kf8 28.Kf2 Kg8 29.Kf3 c5
30.bxc5 bxc5 31.Bc3 Kg7 32.Kxf4 Kg6 33.g3 c4 34.g4 fxg4 35.Kxg4 Bd8 36.h5+  1-0

[Event "Elekes mem-B"]
[Site "Budapest"]
[Date "1982.??.??"]
[Round "?"]
[White "Mullner, Imre"]
[Black "Paoli, Enrico"]
[Result "1/2-1/2"]
[WhiteElo "2200"]
[BlackElo "2220"]

1.e4 c5 2.Nf3 Nc6 3.Bb5 e6 4.c3 Nge7 5.d4 cxd4 6.cxd4 d5 7.e5 Bd7 8.Nc3 Ng6
9.O-O Be7 10.Be3 O-O 11.Bd3 Nb4 12.Bb1 Rc8 13.Qd2 a6 14.Ng5 f5 15.f4 h6 16.Nf3 Be8
17.h3 Nh8 18.Kh1 b5 19.Ne2 Nc6 20.g4 Bg6 21.Ng3 Qa5 22.gxf5 Qxd2 23.Bxd2 Bxf5
24.Nxf5 exf5 25.a3 Ng6 26.Ba2 Rfd8 27.Rac1 Bf8 28.Rc2 Nge7 29.Rfc1 Kf7 30.Be1 Ke6
31.b4 Na7 32.Kg2 Rxc2+ 33.Rxc2 Rc8 34.Rc5 Rxc5 35.dxc5 Nac6 36.Kf2 g5 37.fxg5 hxg5
38.Nxg5+ Kxe5 39.Nf3+ Ke6 40.Bc3 Bh6 41.Bb3 Ng6 42.Nd4+ Nxd4 43.Bxd4 Bc1
44.a4 Bd2 45.axb5 axb5 46.Bc2 Bxb4 47.Bd3 Nf4 48.Bf1 Ke7 49.Bxb5 Ne6 50.c6 Bd6
51.Bb6 Bc7 52.Bxc7 Nxc7 53.Bd3 Kf6 54.Ke3 Ne6 55.h4 Ke5 56.h5 f4+ 57.Kd2 Kd6
58.h6  1/2-1/2

[Event "Elekes mem-B"]
[Site "Budapest"]
[Date "1982.??.??"]
[Round "?"]
[White "Mullner, Imre"]
[Black "Riha, Vaclav"]
[Result "1/2-1/2"]
[WhiteElo "2200"]
[BlackElo "2285"]

1.e4 c5 2.Nf3 Nc6 3.Bb5 e6 4.O-O Nge7 5.c4 a6 6.Ba4 e5 7.Nc3 g6 8.d3 Bg7
9.Nd5 O-O 10.Bg5 f6 11.Bh4 d6 12.h3 Nxd5 13.cxd5 Ne7 14.Nd2 b5 15.Bc2 g5
16.Bg3 Qe8 17.a4 Bd7 18.axb5 axb5 19.Rxa8 Qxa8 20.Qa1 f5 21.f3 f4 22.Bf2 h5
23.b4 cxb4 24.Qb2 Rf6 25.Qxb4 Rg6 26.Rc1 Qc8 27.Nb3 g4 28.Bd1 Qd8 29.hxg4 hxg4
30.Kf1 g3 31.Bg1 Rh6 32.Qa5 Qe8 33.Qa7 Rh1 34.Rc7 Nc8 35.Qb7 Qh5 36.Rxc8+ Kh7
37.Rc2 Rxg1+ 38.Kxg1 Qh2+ 39.Kf1 Qh1+ 40.Ke2 Qxg2+ 41.Ke1 Qh1+ 42.Kd2 g2
43.Qxd7 g1=Q 44.Qf5+ Qg6 45.Qxg6+ Kxg6 46.Rc6 Bf8 47.d4 Kf6 48.Nc5 exd4 49.Nd3 Ke7
50.Rb6 Qg1 51.Rxb5 Qe3+ 52.Kc2 Qg1 53.Rb7+ Kf6 54.Kd2 Be7 55.Rb6 Kf7 56.Rb7 Ke8
57.Ba4+ Kf8 58.Bd1 Bd8 59.Ra7 Bh4 60.Be2 Qe3+ 61.Kd1 Qg1+ 62.Kd2 Qe3+ 63.Kd1 Bd8
64.Ra6 Bc7 65.Ra7 Bb6 66.Ra6  1/2-1/2

[Event "Elekes mem-B"]
[Site "Budapest"]
[Date "1982.??.??"]
[Round "?"]
[White "Szell, Lajos"]
[Black "Riha, Vaclav"]
[Result "1-0"]
[WhiteElo "2345"]
[BlackElo "2285"]

1.e4 c5 2.Nf3 Nc6 3.Bb5 e6 4.O-O Nge7 5.Re1 a6 6.Bf1 d5 7.exd5 Nxd5 8.Nc3 Be7
9.Ne4 O-O 10.d4 cxd4 11.Nxd4 e5 12.Nxc6 bxc6 13.c4 Nc7 14.Be3 Rb8 15.b3 f5
16.Qxd8 Rxd8 17.Bc5 Kf7 18.Bxe7 Kxe7 19.Nc5 Kf6 20.Rad1 Rxd1 21.Rxd1 Ke7
22.f3 a5 23.Nd3 Kf6 24.Re1 a4 25.Nxe5 axb3 26.axb3 c5 27.Nd3 Rxb3 28.Nxc5 Rc3
29.Rd1 Ke7 30.Bd3 g6 31.h4 Ne6 32.Na4 Ra3 33.Nb6 Ba6 34.Bf1 Rb3 35.Nd7 Rc3
36.Ne5 Kf6 37.Re1 h6 38.Nd7+ Kf7 39.Rxe6 Bc8 40.Rf6+  1-0

[Event "Caorle op"]
[Site "Caorle"]
[Date "1982.??.??"]
[Round "6"]
[White "Vujovic, Milorad"]
[Black "Ujhazi, Ivan"]
[Result "1-0"]
[WhiteElo "2330"]
[BlackElo "2050"]

1.e4 c5 2.Nf3 Nc6 3.Bb5 g6 4.Bxc6 bxc6 5.e5 Bg7 6.O-O Nh6 7.d3 O-O 8.Nbd2 Ng4
9.Qe2 f6 10.exf6 exf6 11.Qe4 d5 12.Qa4 Qb6 13.b3 Bd7 14.Ba3 Rfe8 15.h3 Nh6
16.Qf4 Nf7 17.Bb2 Qb8 18.Qh4 g5 19.Qa4 Qb4 20.Qa6 Re2 21.Rfe1 Rxd2 22.c3 Qf4
23.Bc1 Ne5 24.Nxd2 Bc8 25.Qa5 Nxd3 26.Qd8+ Bf8 27.Re8 Qxf2+ 28.Kh1 Kg7 29.Qc7+ Kg8
30.Qxc6  1-0

[Event "Politiken Cup"]
[Site "Copenhagen"]
[Date "1982.??.??"]
[Round "4"]
[White "Kaiszauri, Konstanty"]
[Black "Heinbuch, Detlef"]
[Result "1/2-1/2"]
[WhiteElo "2395"]
[BlackElo "2300"]

1.e4 c5 2.Nf3 Nc6 3.Bb5 g6 4.O-O Bg7 5.Re1 Nf6 6.e5 Nd5 7.b3 O-O 8.Bb2 a6
9.Bxc6 dxc6 10.d3 a5 11.a4 Bg4 12.Nbd2 Nc7 13.h3 Bxf3 14.Nxf3 Ne6 15.Re4 Qd7
16.Qd2 b6 17.Rae1 Rad8 18.Qe3 Rfe8 19.Nh2 Nc7 20.e6 Nxe6 21.Bxg7 Nxg7 22.Ng4 f5
23.Ne5 Qe6 24.Rh4 h5 25.Qh6 Rd6 26.Nf3 Qf6 27.Ng5 Ne6 28.Qh7+ Kf8 29.Qh6+ Kg8
30.Qh7+  1/2-1/2

[Event "Gausdal Young Men"]
[Site "Gausdal"]
[Date "1982.??.??"]
[Round "5"]
[White "Pirttimaki, Timo"]
[Black "Gudmundsson, Elvar"]
[Result "1/2-1/2"]
[WhiteElo "2335"]
[BlackElo "2360"]

1.e4 c5 2.Nf3 Nc6 3.Bb5 e6 4.O-O Nge7 5.Nc3 a6 6.Bxc6 Nxc6 7.Re1 d6 8.d4 cxd4
9.Nxd4 Be7 10.Nxc6 bxc6 11.Qg4 Kf8 12.Be3 h6 13.Na4 Rb8 14.b3 Kg8 15.Rad1 e5
16.Qg3 Kh7 17.c4 Be6 18.c5 Bh4 19.Qf3 d5 20.exd5 cxd5 21.Nb6 d4 22.Bxd4 exd4
23.Qe4+ g6 24.Rxd4 Qc7 25.Qxh4 Qxc5 26.Nd7 Qc3 27.Red1 Rb5 28.R4d3 Qb2 29.Qd4 Qxd4
30.Rxd4 Rc8 31.Nf6+ Kg7 32.Ne4 Rc2 33.R4d2 Rxd2 34.Rxd2 a5 35.f3 f5 36.Nc3 Rc5
37.Ne2 Kf6 38.Kf2 g5 39.g3 Bd5 40.Ke3 h5 41.h4 f4+ 42.Kd4 Rc8 43.hxg5+ Kxg5
44.gxf4+ Kf5 45.Ng3+ Kxf4 46.Nxh5+ Kf5 47.Rf2 Bf7 48.Ng3+ Kf4 49.Ne2+ Kf5
50.f4 a4 51.Kd3 axb3 52.axb3 Bxb3 53.Nd4+ Kg4 54.Nxb3 Rf8 55.Nd4 Rxf4 56.Rg2+ Kh3
57.Rg1 Rg4 58.Rh1+ Kg2 59.Rh8 Rg7 60.Nf5 Ra7  1/2-1/2

[Event "Bundesliga 8182"]
[Site "Germany"]
[Date "1982.??.??"]
[Round "?"]
[White "Gerbert, Philipp"]
[Black "Heinbuch, Detlef"]
[Result "0-1"]
[WhiteElo "2225"]
[BlackElo "2300"]

1.e4 c5 2.Nf3 Nc6 3.Bb5 g6 4.O-O Bg7 5.c3 Nf6 6.e5 Nd5 7.d4 cxd4 8.cxd4 O-O
9.Nc3 Nc7 10.Bf4 Nxb5 11.Nxb5 a6 12.Nc3 d6 13.exd6 exd6 14.h3 Re8 15.Qd2 d5
16.Rfe1 Be6 17.Na4 Rc8 18.Rac1 Qa5 19.Qxa5 Nxa5 20.Rxc8 Rxc8 21.Nc5 Nc6 22.Be3 Nd8
23.Rc1 h6 24.Rc3 Rc6 25.Ne5 Rc8 26.Nxe6 Rxc3 27.Nxd8 Rc2 28.b4 b6 29.Ndc6 Bxe5
30.Nxe5 Rxa2 31.Nd7 a5 32.Nf6+ Kg7 33.Nxd5 a4 34.Nxb6 Ra1+ 35.Kh2 a3 36.d5 Rd1
37.Bf4 f6 38.Nc4 a2 39.Ne3 a1=Q 40.Nxd1 Qxd1 41.d6 g5 42.Bg3 Qd5 43.f4 Qxd6
44.fxg5 Qxb4 45.gxf6+ Kxf6 46.Bf2 Kf5 47.Bg3 h5 48.Bc7 h4 49.g4+ Ke4  0-1

[Event "Bundesliga 8182"]
[Site "Germany"]
[Date "1982.??.??"]
[Round "?"]
[White "Ackermann, Hans Werner"]
[Black "Vogel, Robert"]
[Result "1-0"]
[WhiteElo "2255"]
[BlackElo "2245"]

1.e4 c5 2.Nf3 Nc6 3.Bb5 g6 4.O-O Bg7 5.c3 Nf6 6.Re1 O-O 7.h3 Qb6 8.Na3 a6
9.Bf1 Qc7 10.Nc2 e5 11.Ne3 d6 12.Qc2 Bd7 13.a4 Rac8 14.b3 Qd8 15.Nc4 Be6
16.Qb1 a5 17.Ba3 Re8 18.Ng5 Nh5 19.Nxe6 fxe6 20.Ne3 Rf8 21.Ra2 Rc7 22.Bc1 Qh4
23.d3 Nd8 24.Ng4 Nf4 25.Kh2 h5 26.g3 Qe7 27.Ne3 Nf7 28.gxf4 exf4 29.Nc4 Qh4
30.Qc2 d5 31.exd5 exd5 32.Nb6 Ne5 33.Bg2 Re7 34.Rxe5 Bxe5 35.Bf3 g5 36.d4 g4
37.Qg6+ Kh8 38.Qh6+ Kg8 39.Bxg4 Rg7 40.Be6+ Rff7 41.dxe5 f3 42.Bxf7+ Kxf7
43.Qf6+ Qxf6 44.exf6 Kxf6 45.Nxd5+ Ke5 46.Ne3  1-0

[Event "EU-ch U20"]
[Site "Groningen"]
[Date "1982.??.??"]
[Round "1"]
[White "Utasi, Tamas"]
[Black "Gudmundsson, Elvar"]
[Result "1-0"]
[WhiteElo "2275"]
[BlackElo "2320"]

1.e4 c5 2.Nf3 Nc6 3.Bb5 d6 4.O-O Bd7 5.c3 a6 6.Bxc6 Bxc6 7.Re1 Nf6 8.d4 Bxe4
9.Bg5 Bc6 10.Bxf6 gxf6 11.d5 Bd7 12.Nh4 Qb6 13.Nd2 h5 14.a4 O-O-O 15.Nc4 Qc7
16.a5 Kb8 17.Nb6 f5 18.Qf3 e6 19.b4 Bg7 20.Nxd7+ Rxd7 21.Rab1 Bf6 22.dxe6 fxe6
23.Ng6 Rg8 24.Nf4 cxb4 25.cxb4 Be5 26.Nxe6 Qc4 27.Qxf5 Qd5 28.g3 h4 29.Rbd1 Qb5
30.Kg2 Re7 31.Nd4 Qxb4 32.Nc6+ bxc6 33.Rb1 c5 34.Rxb4+ cxb4 35.f4 Bf6 36.Rxe7 Bxe7
37.Qe4 Bf6 38.Qxb4+ Ka8 39.Qxd6  1-0

[Event "Jarvenpaa"]
[Site "Jarvenpaa"]
[Date "1982.??.??"]
[Round "2"]
[White "Rantanen, Yrjo A"]
[Black "Schneider, Lars Ake"]
[Result "1/2-1/2"]
[WhiteElo "2420"]
[BlackElo "2455"]

1.e4 c5 2.Nf3 Nc6 3.Bb5 g6 4.Bxc6 bxc6 5.d4 Bg7 6.dxc5 Qa5+ 7.Bd2 Qxc5 8.Bc3 Nf6
9.Bd4 Qa5+ 10.Qd2 Qxd2+ 11.Nbxd2 O-O 12.c4 Ba6 13.e5 Nh5 14.g3 f6 15.exf6 Nxf6
16.h3 d5 17.O-O-O dxc4 18.Rhe1 Nd5 19.Bxg7 Kxg7 20.Nd4 Rxf2 21.Ne4 Rh2 22.Nxc6 Bb7
23.Na5 Nb4 24.Nxb7 Rb8 25.Nec5 c3 26.Rxe7+ Kf8 27.Rde1 Rc2+ 28.Kd1 Rd2+ 29.Kc1 Rc2+  1/2-1/2